000 01096nam a2200277Ia 4500
003 GCL
008 140319s9999 xx 000 0 ara d
020 _a7264314977
040 _aGCL /
_cGCL
082 0 4 _aق
_b721.46962
_bم ق
100 1 _aمحمد حمزة اسماعيل الحداد
245 1 0 _aالقباب الاثرية الباقية بدلتا مصر فى العصر الاسلامى :
_bدراسة اثارية حضارية /
_cمحمد حمزة اسماعيل الحداد
700 1 _aمحمد ناصر محمد عفيفى
250 _aالاولى
260 _aالقاهرة :
_bمكتبة زهراء الشرق ،
_c2005
300 _a427 ص:
_bخرائط ؛
_c28 سم
650 0 4 _aالعمارة الاسلامية
650 0 4 _aالمبانى الدينية
650 0 4 _aالقباب
650 0 4 _aالقباب - مصر
650 0 4 _aالقباب - مصر - القليوبية
650 0 4 _aالقباب - مصر - الشرقية
650 0 4 _aالقباب - مصر - الدقهلية
650 0 4 _aالقباب - مصر - دمياط
942 _2ddc
_cBK
999 _c8244
_d8244